|
|
|
|
| LEADER |
01094nam a2200289 a 4500 |
| 001 |
17587 |
| 003 |
BD-DhAAL |
| 005 |
20140629115947.0 |
| 008 |
140629r19931983nyua b 001 0 eng |
| 010 |
|
|
|a 83008198
|
| 020 |
|
|
|a 0416317502 (pbk.)
|
| 020 |
|
|
|a 0415027640
|
| 040 |
|
|
|a DLC
|c DLC
|d DLC
|d BD-DhAAL
|
| 050 |
0 |
0 |
|a PN1995.9.W6
|b K3 1983
|
| 082 |
0 |
0 |
|a 791.43
|2 19
|
| 100 |
1 |
|
|a Kaplan, E. Ann.
|9 5174
|
| 245 |
1 |
0 |
|a Women and film :
|b both sides of the camera /
|c E. Ann Kaplan.
|
| 260 |
|
|
|a New York :
|b Methuen,
|c c1983 [reprinted 1988, 1990, 1991, 1993]
|
| 300 |
|
|
|a xii, 259 p. :
|b ill. ;
|c 24 cm.
|
| 504 |
|
|
|a Includes index and bibliography: p. [242]-252.
|
| 541 |
|
|
|e 17587
|
| 650 |
|
0 |
|a Women in motion pictures.
|9 5175
|
| 650 |
|
0 |
|a Women in the motion picture industry.
|9 5176
|
| 650 |
|
0 |
|a Feminist films.
|9 5177
|
| 942 |
|
|
|2 ddc
|c BK
|
| 999 |
|
|
|c 32803
|d 32803
|
| 952 |
|
|
|0 0
|1 0
|2 ddc
|4 0
|6 791_430000000000000_KAP
|7 0
|9 42853
|a BRACUL
|b BRACUL
|c GEN
|d 2014-06-29
|l 2
|m 1
|o 791.43 KAP
|p 3010017587
|r 2026-03-01
|s 2026-02-22
|t 1
|w 2014-06-29
|y BK
|x Transferred from ENH to Ayesha Abed library on 20/12/2023
|